| 000 | 01442nam2a2200265 4500 | ||
|---|---|---|---|
| 001 | RU\NLR\bibl\1483874 | ||
| 005 | 20250616010442.0 | ||
| 010 |
_a978-5-85921-751-9 _bч. 2 _9500 |
||
| 021 |
_aRU _b2010-157 _98 |
||
| 035 | _a(NLR Aleph) 001475498 | ||
| 090 |
_a1670517 _c1670517 |
||
| 100 | _a20100312d2009 |||y0rusy50 ca | ||
| 101 | 0 | _arus | |
| 102 | _aRU | ||
| 105 | _ay z ||||| | ||
| 200 | 1 |
_aВторая половина XIX - XX вв. _eучебно-методическое пособие для специальностей 032600.00 "История", 032700.00 "Юриспруденция", 032800.00 "Культурология" |
|
| 210 |
_d2009 _aБ. м. |
||
| 215 | _a312, [1] с. | ||
| 320 | _aБиблиогр.: с. 297-311 | ||
| 461 | 0 |
_1001RU\NLR\bibl\1461250 _12001#$aИсториография отечественной истории$vЧ. 2 _91535140 _aУмбрашко, К. Б. _cНовосибирск _d2008 _fК.Б. Умбрашко _nПедуниверситет _oучебно-методическое пособие для специальностей 032600 "История", 032600.032800 "История и культурология", 032600.032700 "История и юриспруденция" _tИсториография отечественной истории _y978-5-85921-698-7 _vЧ. 2 |
|
| 801 | 0 |
_aRU _bNLR _c20100312 _gRCR |
|
| 801 | 1 |
_aRU _bNLR _c20100312 |
|
| 942 | _cBOOK | ||
| 980 | _aNB | ||